Opodstatnenosť poistenia privátneho majetku

Podstata neživotného poistenia. Poistenie privátneho majetku. Rozdelenie poistných rizík. Poistenie nehnuteľnosti bytu, rodinného domu, domácnosti.

Salvato in:
Dettagli Bibliografici
Autore principale: Littvová, Zuzana
Natura: Capitolo di libro
Lingua:slovacco
Soggetti:
Tags: Aggiungi Tag
Nessun Tag, puoi essere il primo ad aggiungerne!!

MARC

LEADER 00000naa$a2200000$$$4500
001 0045916
005 20240502071531.2
041 0 |a slo 
044 |a SK 
245 1 0 |a Opodstatnenosť poistenia privátneho majetku  |c Zuzana Littvová 
520 |a Podstata neživotného poistenia. Poistenie privátneho majetku. Rozdelenie poistných rizík. Poistenie nehnuteľnosti bytu, rodinného domu, domácnosti. 
610 2 0 |a poistenie neživotné 
610 2 0 |a poistenie majetku 
610 2 0 |a riziko poistné 
610 2 0 |a poistenie 
610 2 0 |a nehnuteľnosti 
610 2 0 |a domácnosti 
100 1 |a Littvová, Zuzana